Statistics for Realms of Middle-Earth

Click here to take the quiz!

General Stats

  • This quiz has been taken 18 times
  • The average score is 9 of 15

Answer Stats

HintAnswer% Correct
The land of Shadow.Mordor
94%
A powerful kingdom, founded by Isildur and Anarion.Gondor
83%
A kingdom of horsemen, located to the northwest of Gondor.Rohan
83%
A region of the northwest of Middle-earth, inhabited by Hobbits.The Shire
83%
A forest realm of the Elves, ruled by Galadriel and Celeborn.Lothlórien
78%
A refuge and sanctuary, ruled by Elrond.Rivendell
78%
Dwarven kingdom ruled by Dáin Ironfoot.Erebor
61%
Initially a fortress of Gondor, later a stronghold of Curunír.Isengard
50%
A vast region to the east of Mirkwood and RhovanionRhûn
50%
A realm of evil in the far north of Middle-earth, ruled by the Witch-king.Angmar
44%
A kingdom of Men, founded by Elendil.Arnor
44%
A city of Men located near Erebor.Dale
44%
A region to the south of Gondor and Mordor.Harad
39%
A principality and city in southern Gondor, home to Prince Imrahil.Dol Amroth
28%
Region ruled by Cirdan which capital is the Grey Havens.Lindon
28%

Score Distribution

Percentile by Number Answered

Percent of People with Each Score

Your Score History

You have not taken this quiz